Normal view
MARC view
Entry Personal Name
001 - CONTROL NUMBER
- control field: 61230
003 - CONTROL NUMBER IDENTIFIER
- control field: dpl
005 - DATE AND TIME OF LATEST TRANSACTION
- control field: 20240124113341.0
008 - FIXED-LENGTH DATA ELEMENTS
- fixed length control field: 240124|| aca||aabn | a|a d
040 ## - CATALOGING SOURCE
- Original cataloging agency: dpl
- Transcribing agency: dpl
100 ## - HEADING--PERSONAL NAME
- Personal name: Sarkar, S.C
670 ## - SOURCE DATA FOUND
- Source citation: Work cat.: (dpl)200351: Sarkar,S.C. 61229, Civil Court Practice & Procedure Manual /, 2022
